000 00780cam a22002773a 4500
001 2205
003 PGUSA
005 20140828083011.0
008 000601s2000||||xxu|||||s|||||000 | eng d
040 _aPGUSA
_beng
042 _adc
050 4 _aQH
050 4 _aQP
100 1 _aHuman Genome Project
245 1 0 _aHuman Genome Project, rough draft, Chromosome Number 05
_h[electronic resource] /
_cHuman Genome Project
260 _bProject Gutenberg,
_c2000
506 _aPublic domain in the USA.
516 _aElectronic text
653 _aNucleotide sequence
653 _aHuman gene mapping
653 _aHuman Genome Project
653 _aHuman genetics
830 0 _aProject Gutenberg
_v2205
856 4 0 _uhttp://www.gutenberg.org/ebooks/2205
942 _cEB
999 _c231542
_d231542